| 000 | 00363nam a2200133Ia 4500 | ||
|---|---|---|---|
| 005 | 20251222144852.0 | ||
| 008 | 251222s9999||||xx |||||||||||||| ||spa|| | ||
| 020 | _a84-9700-082-X | ||
| 082 | _a371.302.81/M86 | ||
| 100 | _aMoreno MartÃnez, Adolfo | ||
| 245 | 0 | _aTécnicas y Estrategias para Afrontar el Estudio de Manera Eficaz | |
| 264 | _bAjive | ||
| 942 | _cLIB | ||
| 999 |
_c21625 _d21625 |
||